Introduction to artificial neural systems /
Artificial neural systems. Fundamental concepts and models of artificial neural systems. Single-layer perceptron classifiers. Multilayer feedforward networks...
Đã lưu trong:
| 主要作者: | |
|---|---|
| 格式: | 圖書 |
| 語言: | English |
| 出版: |
St. Paul :
West,
1992.
|
| 主題: | |
| 標簽: |
添加標簽
沒有標簽, 成為第一個標記此記錄!
|
| Thư viện lưu trữ: | Mạng thư viện Đại học Đà Nẵng |
|---|
| LEADER | 01006cam a2200337 i 4500 | ||
|---|---|---|---|
| 001 | 000049410 | ||
| 003 | 9155 | ||
| 005 | 20030304160112.0 | ||
| 008 | 010322|1992 vm 000 eng | ||
| 020 | |a 0314933913 | ||
| 040 | |a IRC |c IRC |d IRC | ||
| 041 | 0 | |a eng | |
| 082 | 1 | 4 | |a 006.3 |b ZU-J |
| 100 | 1 | |a Zurada, Jacek M. | |
| 245 | 0 | 0 | |a Introduction to artificial neural systems / |c Jacek M. Zurada. |
| 260 | |a St. Paul : |b West, |c 1992. | ||
| 300 | |a 683, 57, 19 p. ; |c 24cm. | ||
| 520 | 3 | |a Artificial neural systems. Fundamental concepts and models of artificial neural systems. Single-layer perceptron classifiers. Multilayer feedforward networks... | |
| 630 | 0 | 4 | |a Computer science. |
| 630 | 0 | 4 | |a Neural networks. |
| 650 | 0 | 4 | |a Neural networks (Computer science) |
| OWN | |a DUT | ||
| 999 | |a From the UDN01 | ||
| TYP | |a Monograph | ||
| TYP | |a Printed language | ||
| 980 | |a Mạng thư viện Đại học Đà Nẵng | ||


